[Event "aut_chT03"]
[Site "Jenbach"]
[Date "2003.11.30"]
[Round "3"]
[Board "6"]
[White "Titz, Heimo"]
[Black "Frosch, Erich"]
[Result "0-1"]
[WhiteElo "2259"]
[BlackElo "2341"]
[PlyCount "84"]

1.c4 Nf6 2.Nc3 c5 3.g3 Nc6 4.Bg2 g6 5.e4 Bg7 6.Nge2 O-O 7.O-O d6 8.d3 Rb8 9.Rb1
a6 10.a3 b5 11.cxb5 axb5 12.b4 cxb4 13.axb4 Bg4 14.Be3 Qc8 15.f3 Bd7 16.d4 Qb7
17.Qb3 Rfc8 18.Ra1 Ra8 19.Rfb1 e6 20.Bf1 Ne7 21.Bf2 g5 22.h3 h5 23.Bg2 Bc6
24.Qc2 Ng6 25.Be3 g4 26.hxg4 hxg4 27.f4 Ne7 28.Qd3 d5 29.e5 Ne4 30.Nxe4 dxe4
31.Qd2 Nf5 32.Kf2 Bd5 33.Nc3 Bf8 34.Nxd5 Qxd5 35.Bf1 Rxa1 36.Rxa1 Qb3 37.Rc1
Rxc1 38.Qxc1 Bxb4 39.Be2 Nxe3 40.Qc8+ Bf8 41.Qd8 Nf5 42.Qg5+ Bg7

[Event "aut_chT03"]
[Site "Jenbach"]
[Date "2003.11.30"]
[Round "3"]
[Board "1"]
[White "Pinter, Jozsef"]
[Black "Shchekachev, Andrei"]
[Result "1/2-1/2"]
[WhiteElo "2501"]
[BlackElo "2520"]
[PlyCount "44"]

1.d4 Nf6 2.c4 e6 3.Nf3 b6 4.g3 Ba6 5.b3 Bb4+ 6.Bd2 Be7 7.Nc3 O-O 8.e4 d5 9.cxd5
Bxf1 10.Kxf1 exd5 11.e5 Ne4 12.Kg2 c5 13.Qc2 Nxc3 14.Bxc3 Nc6 15.Rad1 Qd7 16.h4
cxd4 17.Bxd4 Rac8 18.Qe2 Rfe8 19.Ba1 Bc5 20.Qd3 d4 21.Rhe1 Qd5 22.Kg1 Nxe5

[Event "aut_chT03"]
[Site "Jenbach"]
[Date "2003.11.30"]
[Round "3"]
[Board "4"]
[White "Danner, Georg"]
[Black "Baumegger, Siegfried"]
[Result "0-1"]
[WhiteElo "2393"]
[BlackElo "2374"]
[PlyCount "78"]

1.d4 Nf6 2.Nf3 g6 3.c4 Bg7 4.Nc3 O-O 5.e4 d6 6.Be2 Nbd7 7.Bg5 h6 8.Bh4 Nh5 9.Qd2
g5 10.Bg3 e6 11.O-O-O f5 12.exf5 exf5 13.h3 Nxg3 14.fxg3 a6 15.Rhe1 Kh8 16.Bd3
b5 17.cxb5 axb5 18.Bxb5 Nf6 19.Re2 Ne4 20.Qe1 Bb7 21.Kb1 c5 22.Nxe4 fxe4 23.Rxe4
Bxe4+ 24.Qxe4 d5 25.Qc2 cxd4 26.Nxd4 Qb6 27.Qd3 Rf2 28.Qe3 Raf8 29.a4 Rxg2 30.h4
g4 31.Rd3 Qc5 32.Ne2 Qb4 33.Rb3 Qe1+ 34.Ka2 Rgf2 35.Bd3 Rf1 36.Ka3 Ra8 37.Bb5
Bf8+ 38.Rb4 Qxb4+ 39.Ka2 Rxa4+

[Event "aut_chT03"]
[Site "Jenbach"]
[Date "2003.11.30"]
[Round "3"]
[Board "5"]
[White "Kuba, Guenter"]
[Black "Schoeppl, Engelbert"]
[Result "1-0"]
[WhiteElo "2339"]
[BlackElo "2277"]
[PlyCount "45"]

1.e4 c6 2.Nc3 d5 3.Nf3 dxe4 4.Nxe4 Nf6 5.Nxf6+ exf6 6.d4 Bd6 7.Be2 O-O 8.O-O Bg4
9.h3 Bh5 10.Nh4 Bxe2 11.Qxe2 g6 12.b3 Nd7 13.Bb2 f5 14.Nf3 Re8 15.Qd3 Nf6
16.Rad1 Ne4 17.Rfe1 Qc7 18.d5 c5 19.Rxe4 fxe4 20.Qc3 f6 21.Qxf6 exf3 22.Qh8+ Kf7
23.Qg7#

[Event "aut_chT03"]
[Site "Jenbach"]
[Date "2003.11.30"]
[Round "3"]
[Board "2"]
[White "Vogt, Lothar"]
[Black "Ftacnik, Lubomir"]
[Result "1-0"]
[WhiteElo "2466"]
[BlackElo "2582"]
[PlyCount "83"]

1.e4 d6 2.d4 Nf6 3.Nc3 g6 4.Nf3 Bg7 5.h3 O-O 6.Be3 a6 7.a4 b6 8.Bc4 e6 9.O-O d5
10.exd5 exd5 11.Bd3 Nc6 12.Qd2 Re8 13.Bg5 Nb4 14.Rae1 Be6 15.Be2 c5 16.Bd1 Qc7
17.Bf4 Qb7 18.Be5 Nc6 19.Bxf6 Bxf6 20.dxc5 bxc5 21.Nxd5 Bxb2 22.Ng5 Rad8 23.Bf3
Bg7 24.Qf4 Qb2 25.Nc7 Ne5 26.Ngxe6 fxe6 27.Nxe8 Rxe8 28.Qe4 c4 29.Be2 Qb4 30.f4
Nf7 31.Qxc4 Qb6+ 32.Kh2 Nd6 33.Qxa6 Qc7 34.Bb5 Re7 35.Rd1 Nf5 36.Qa8+ Kf7 37.Qe4
Bc3 38.g4 Nd6 39.Qc6 Nxb5 40.axb5 Qa5 41.Rd7 Bb4 42.f5

[Event "aut_chT03"]
[Site "Jenbach"]
[Date "2003.11.30"]
[Round "3"]
[Board "1"]
[White "Volkmann, Friedrich Karl"]
[Black "Gustafsson, Jan"]
[Result "0-1"]
[WhiteElo "2457"]
[BlackElo "2572"]
[PlyCount "68"]

1.e4 e5 2.Nf3 Nc6 3.Bb5 a6 4.Ba4 Nf6 5.O-O Be7 6.Re1 b5 7.Bb3 d6 8.c3 O-O 9.d4
Bg4 10.Be3 Bh5 11.h3 exd4 12.cxd4 d5 13.g4 Bg6 14.Ne5 Na5 15.Nxg6 hxg6 16.e5 Ne4
17.f3 Ng5 18.Kg2 Ne6 19.f4 f5 20.exf6 Rxf6 21.Nc3 c6 22.Bc2 Nc4 23.f5 gxf5
24.gxf5 Nxe3+ 25.Rxe3 Nf4+ 26.Kh1 Rh6 27.Qf1 Bd6 28.Ne2 Qh4 29.Nxf4 Bxf4 30.Rf3
Bg5 31.Qe1 Qxd4 32.Rd1 Qxb2 33.f6 Qxc2 34.Qe6+ Kh7

[Event "aut_chT03"]
[Site "Jenbach"]
[Date "2003.11.30"]
[Round "3"]
[Board "3"]
[White "Loeffler, Stefan"]
[Black "Naumann, Alexander"]
[Result "1/2-1/2"]
[WhiteElo "2413"]
[BlackElo "2529"]
[PlyCount "28"]

1.Nf3 Nf6 2.c4 e6 3.d4 d5 4.Bg5 c6 5.e3 Nbd7 6.a3 Be7 7.Nc3 O-O 8.Qc2 a6 9.cxd5
exd5 10.Bd3 Re8 11.O-O Nf8 12.h3 Ng6 13.Ne5 Nd7 14.Bxe7 Qxe7

[Event "aut_chT03"]
[Site "Jenbach"]
[Date "2003.11.30"]
[Round "3"]
[Board "5"]
[White "Roth, Peter"]
[Black "Novkovic, Milan"]
[Result "0-1"]
[WhiteElo "2301"]
[BlackElo "2371"]
[PlyCount "110"]

1.e4 e6 2.d4 d5 3.Nc3 Bb4 4.exd5 exd5 5.Bd3 Nc6 6.Nge2 Nge7 7.a3 Bxc3+ 8.bxc3
Bf5 9.c4 Bxd3 10.Qxd3 dxc4 11.Qxc4 Qd5 12.Qxd5 Nxd5 13.Be3 Na5 14.Kd2 O-O-O
15.Kd3 c5 16.Rab1 cxd4 17.Bxd4 Rhe8 18.c3 Nc6 19.Rb2 Ne5+ 20.Bxe5 Rxe5 21.Nd4
Nf4+ 22.Kc4 Nxg2 23.Rg1 Rg5 24.Kb3 Rg6 25.Re2 Nf4 26.Rxg6 hxg6 27.Re7 Rd7
28.Re8+ Kc7 29.Rg8 f6 30.Kc4 Kb6 31.a4 Re7 32.Rd8 Kc7 33.Rg8 a6 34.a5 b6
35.axb6+ Kxb6 36.Rb8+ Kc7 37.Rb2 Re5 38.Ra2 a5 39.Rb2 Ne6 40.Nxe6+ Rxe6 41.Rb5
Re4+ 42.Kd3 Re5 43.Kc4 Kc6 44.Rb8 Rf5 45.Rc8+ Kd6 46.Rg8 Rxf2 47.Rxg7 g5 48.Ra7
Rxh2 49.Rxa5 Rd2 50.Rf5 Ke6 51.Rf1 f5 52.Kb3 g4 53.c4 g3 54.Kc3 Rf2 55.Re1+ Kd6

[Event "aut_chT03"]
[Site "Jenbach"]
[Date "2003.11.30"]
[Round "3"]
[Board "6"]
[White "Gaertner, Guntram"]
[Black "Wiedner, Robert"]
[Result "1-0"]
[WhiteElo "2340"]
[BlackElo "2237"]
[PlyCount "89"]

1.Nf3 Nf6 2.d4 g6 3.c3 Bg7 4.Bf4 d6 5.e3 Nbd7 6.Nbd2 Nf8 7.h3 h6 8.Bc4 Be6 9.Bd3
c6 10.Qc2 Qc8 11.Bh2 Bf5 12.Bxf5 Qxf5 13.Qxf5 gxf5 14.Nh4 e6 15.Bxd6 O-O-O
16.Bh2 Rg8 17.Nc4 Ne8 18.O-O Bf6 19.Nf3 Ng6 20.a4 Be7 21.Nce5 Nd6 22.Kh1 Nxe5
23.Nxe5 Rg7 24.Nd3 Rdg8 25.Bxd6 Bxd6 26.Rg1 h5 27.b4 a6 28.c4 Kc7 29.c5 Be7
30.Rab1 Bg5 31.b5 axb5 32.axb5 Ra8 33.bxc6 Kxc6 34.Rb6+ Kd5 35.Rxb7 f4 36.Rd7+
Ke4 37.Nxf4 Bxf4 38.exf4 Ra2 39.Re1+ Kxf4 40.Kg1 Kf5 41.Rc1 Kf6 42.Rc3 Ra1+
43.Kh2 h4 44.c6 Ra2 45.c7

[Event "aut_chT03"]
[Site "Jenbach"]
[Date "2004.01.22"]
[Round "4"]
[Board "1"]
[White "Kindermann, Stefan"]
[Black "Wells, Peter"]
[Result "1/2-1/2"]
[WhiteElo "2542"]
[BlackElo "2493"]
[PlyCount "82"]

1.e4 c5 2.Nf3 Nc6 3.d4 cxd4 4.Nxd4 Nf6 5.Nc3 d6 6.Bc4 e6 7.Be3 a6 8.a4 Be7 9.O-O
O-O 10.Ba2 Nxd4 11.Bxd4 b5 12.axb5 axb5 13.f3 b4 14.Ne2 Ba6 15.Re1 d5 16.exd5
Nxd5 17.Bb3 Bxe2 18.Rxa8 Bxd1 19.Rxd8 Rxd8 20.Rxd1 Ne3 21.Rd3 Nxc2 22.Bxc2 Rxd4
23.Rxd4 Bc5 24.Kf1 Bxd4 25.b3 g6 26.Bd3 Kg7 27.Bc4 g5 28.Ke2 Bg1 29.h3 Kf6
30.Kf1 Bc5 31.Ke2 Ke5 32.Kd3 Kf4 33.Ke2 h5 34.Bb5 h4 35.Be8 f5 36.Bd7 e5 37.Bc8
e4 38.fxe4 Kxe4 39.Bd7 Kf4 40.Bc8 g4 41.Bd7 gxh3

[Event "aut_chT03"]
[Site "Jenbach"]
[Date "2004.01.22"]
[Round "4"]
[Board "4"]
[White "Fahrner, Kurt"]
[Black "Karner, Christoph"]
[Result "0-1"]
[WhiteElo "2376"]
[BlackElo "2352"]
[PlyCount "74"]

1.d4 Nf6 2.c4 g6 3.Nc3 Bg7 4.Nf3 O-O 5.Bg5 h6 6.Bh4 d6 7.e3 c5 8.Be2 Bf5 9.Qb3
Nbd7 10.Qxb7 Rb8 11.Qxa7 Rxb2 12.O-O g5 13.Bg3 Qa8 14.Qxa8 Rxa8 15.a4 Ne4
16.Nxe4 Bxe4 17.Rfe1 Ra5 18.h4 g4 19.Nh2 h5 20.f3 Bh7 21.fxg4 cxd4 22.Ra3 Nc5
23.exd4 Bxd4+ 24.Kh1 Ne4 25.gxh5 Rxa4 26.Rf3 Bc3 27.Rxc3 Nxc3 28.Bf1 Ne4 29.Bf4
Raa2 30.Ng4 e5 31.Bh6 f5 32.Rxe4 fxe4 33.Nf6+ Kh8 34.Kg1 Rb1 35.Ng4 e3 36.Bxe3
Bd3 37.h6 Bxf1

[Event "aut_chT03"]
[Site "Jenbach"]
[Date "2004.01.22"]
[Round "4"]
[Board "5"]
[White "Wittmann, Walter"]
[Black "Ebner, Hubert"]
[Result "1/2-1/2"]
[WhiteElo "2326"]
[BlackElo "2251"]
[PlyCount "144"]

1.e4 e6 2.d4 d5 3.Nd2 Nf6 4.e5 Nfd7 5.Bd3 c5 6.c3 Nc6 7.Ne2 cxd4 8.cxd4 f6
9.exf6 Nxf6 10.O-O Bd6 11.Nf3 Qb6 12.b3 O-O 13.Bf4 Bxf4 14.Nxf4 Bd7 15.Rc1 Rae8
16.Bb1 Kh8 17.Qd2 e5 18.dxe5 Nxe5 19.Nxe5 Rxe5 20.Rfe1 Rfe8 21.Rxe5 Rxe5 22.Ne2
Kg8 23.Nd4 Ne4 24.Bxe4 dxe4 25.Nc2 Bc6 26.Ne3 Qc7 27.Qd4 a6 28.h3 Re8 29.Rd1 Qf4
30.Rd2 Qg5 31.Qc4+ Kh8 32.Qf7 h6 33.Rd6 Rg8 34.Qf5 Qe7 35.Re6 Qd7 36.Qe5 Kh7
37.Re7 Qd2 38.Ng4 Qc1+ 39.Kh2 Kh8 40.Re6 Kh7 41.Qf5+ Kh8 42.Qe5 Kh7 43.Re7 Kh8
44.h4 Qd2 45.Re6 Rf8 46.Rxh6+ Kg8 47.Rg6 Qf4+ 48.Qxf4 Rxf4 49.Kg3 Rf8 50.Ne5 e3
51.fxe3 Be4 52.Re6 Rc8 53.Nc4 Bb1 54.a3 Ba2 55.Rb6 Bxb3 56.Rxb3 Rxc4 57.Rxb7 Rc3
58.Kf4 Rxa3 59.g4 Ra1 60.g5 Kh7 61.e4 Kg6 62.h5+ Kxh5 63.Rxg7 a5 64.e5 Rf1+
65.Ke4 a4 66.e6 a3 67.e7 Re1+ 68.Kf5 Rf1+ 69.Ke6 Re1+ 70.Kf5 Rf1+ 71.Ke5 Re1+
72.Kf5 Rf1+

[Event "aut_chT03"]
[Site "Jenbach"]
[Date "2004.01.22"]
[Round "4"]
[Board "6"]
[White "Loebler, Heimo"]
[Black "Singer, Richard"]
[Result "1/2-1/2"]
[WhiteElo "2212"]
[BlackElo "2269"]
[PlyCount "84"]

1.c4 e6 2.Nf3 f5 3.g3 b6 4.Bg2 Bb7 5.O-O Nf6 6.b3 Qc8 7.Bb2 Be7 8.d3 O-O 9.Nc3
a5 10.Qc2 Na6 11.Rac1 Nc5 12.a3 a4 13.b4 Nb3 14.Rb1 Bxf3 15.exf3 Nd4 16.Qd1 Qa6
17.f4 c6 18.Nxa4 Qxa4 19.Bxd4 Qxd1 20.Rfxd1 Rxa3 21.Bxb6 Rb8 22.c5 Nd5 23.Bxd5
exd5 24.d4 Ra4 25.h4 Bf6 26.Rd2 Kf7 27.Kg2 Rb7 28.h5 Ra3 29.Re1 Rb3 30.Ba5 Ra7
31.Re3 Rb1 32.f3 Ra8 33.g4 h6 34.Kg3 Re8 35.Rxe8 Kxe8 36.Bc7 fxg4 37.fxg4 Rxb4
38.Be5 Rb3+ 39.Kg2 Bxe5 40.fxe5 Re3 41.Kf2 Re4 42.Kg3 Kf7

[Event "aut_chT03"]
[Site "Jenbach"]
[Date "2004.01.22"]
[Round "4"]
[Board "4"]
[White "Perhinig, Robert"]
[Black "Mahdy, Khaled"]
[Result "1/2-1/2"]
[WhiteElo "2228"]
[BlackElo "2418"]
[PlyCount "49"]

1.d4 Nf6 2.c4 c5 3.e3 g6 4.Nf3 Bg7 5.Be2 O-O 6.O-O cxd4 7.exd4 d5 8.Nc3 Nc6
9.Ne5 dxc4 10.Nxc6 bxc6 11.Bxc4 Nd5 12.Nxd5 cxd5 13.Bb3 e6 14.Be3 Bd7 15.Qd2 Qb6
16.Rfc1 a5 17.Bd1 Rfb8 18.b3 Bf8 19.Bf4 Rc8 20.Be5 Qb4 21.Bf4 Bg7 22.Qxb4 axb4
23.Rxc8+ Rxc8 24.Be3 Bb5 25.a3

[Event "aut_chT03"]
[Site "Jenbach"]
[Date "2004.01.22"]
[Round "4"]
[Board "5"]
[White "Kilgus, Georg"]
[Black "Frosch, Ronald"]
[Result "1/2-1/2"]
[WhiteElo "2340"]
[BlackElo "2210"]
[PlyCount "56"]

1.Nf3 b6 2.g3 Bb7 3.Bg2 e6 4.d3 f5 5.e4 fxe4 6.Ng5 Nf6 7.Nd2 Bc5 8.O-O O-O
9.Ndxe4 Nxe4 10.Nxe4 Bxe4 11.Bxe4 d5 12.Bg2 Qf6 13.Qe2 c6 14.c3 Nd7 15.Bd2 e5
16.b4 Bd6 17.b5 Qf7 18.bxc6 Nf6 19.c4 dxc4 20.dxc4 Qg6 21.Bc3 Rae8 22.Bd5+ Kh8
23.f3 e4 24.fxe4 Nxe4 25.Rxf8+ Bxf8 26.Bxe4 Rxe4 27.Qf3 Bc5+ 28.Kh1 Qxc6

[Event "aut_chT03"]
[Site "Jenbach"]
[Date "2004.01.22"]
[Round "4"]
[Board "6"]
[White "Wilfling, Hermann"]
[Black "Wukits, Rene"]
[Result "0-1"]
[WhiteElo "2142"]
[BlackElo "2301"]
[PlyCount "100"]

1.d4 e6 2.c4 Nf6 3.Nc3 c5 4.d5 exd5 5.cxd5 d6 6.e4 g6 7.Be2 Bg7 8.Nf3 O-O 9.O-O
Re8 10.Qc2 Bg4 11.h3 Bxf3 12.Bxf3 a6 13.a4 Nbd7 14.Re1 Rc8 15.Bf4 Ne5 16.Be2
Nfd7 17.Rad1 Qe7 18.Bc1 g5 19.Be3 Kh8 20.g3 Rg8 21.Kg2 Nf8 22.Bg4 Re8 23.Rh1
Nfg6 24.Bf5 Bf6 25.Bxg6 hxg6 26.f3 Kg7 27.Rdf1 Rh8 28.Ne2 b5 29.b3 bxa4 30.bxa4
Rb8 31.Rb1 Qd7 32.Rxb8 Rxb8 33.f4 gxf4 34.gxf4 Ng4 35.hxg4 Qxg4+ 36.Kf2 Rb2
37.Qd3 Ra2 38.Qxa6 Bh4+ 39.Rxh4 Qxh4+ 40.Kf3 Qh1+ 41.Kf2 Qd1 42.e5 Qc2 43.Kg3
Qe4 44.Kf2 Ra3 45.Bxc5 Qf3+ 46.Ke1 dxc5 47.Qf6+ Kg8 48.e6 Qh1+ 49.Kd2 Qxd5+
50.Ke1 Qxe6

[Event "aut_chT03"]
[Site "Jenbach"]
[Date "2004.01.22"]
[Round "4"]
[Board "1"]
[White "Bischoff, Klaus"]
[Black "Pinter, Jozsef"]
[Result "1/2-1/2"]
[WhiteElo "2561"]
[BlackElo "2501"]
[PlyCount "37"]

1.c4 Nf6 2.Nc3 c5 3.g3 Nc6 4.Bg2 e6 5.Nf3 d5 6.cxd5 Nxd5 7.O-O Be7 8.d4 O-O
9.Nxd5 exd5 10.dxc5 Bxc5 11.Ne1 d4 12.Nd3 Bb6 13.b4 Re8 14.a4 Bg4 15.Re1 a6
16.Bf4 Rc8 17.Qd2 h6 18.h3 Bf5 19.Qb2

[Event "aut_chT03"]
[Site "Jenbach"]
[Date "2004.01.22"]
[Round "4"]
[Board "2"]
[White "Balogh, Csaba"]
[Black "Horvath, Jozsef"]
[Result "1/2-1/2"]
[WhiteElo "2456"]
[BlackElo "2532"]
[PlyCount "27"]

1.e4 c5 2.Nf3 e6 3.d4 cxd4 4.Nxd4 a6 5.Be2 Nf6 6.Nc3 Bb4 7.O-O d6 8.Bg5 Nbd7
9.Bd3 Bxc3 10.bxc3 Qc7 11.Qd2 b6 12.f4 Bb7 13.Rae1 Nc5 14.Bxf6

[Event "aut_chT03"]
[Site "Jenbach"]
[Date "2004.01.22"]
[Round "4"]
[Board "5"]
[White "Moser, Guenter"]
[Black "Wach, Markus"]
[Result "1/2-1/2"]
[WhiteElo "2356"]
[BlackElo "2359"]
[PlyCount "69"]

1.d4 d5 2.Nf3 Nf6 3.Bf4 c5 4.dxc5 Na6 5.e3 Nxc5 6.Be2 g6 7.O-O Bg7 8.c4 O-O
9.cxd5 Nxd5 10.Be5 Bxe5 11.Nxe5 Be6 12.Na3 Nb6 13.Nb5 a6 14.Rc1 Ncd7 15.Nxd7
Bxd7 16.Nd4 e5 17.Nf3 e4 18.Nd4 Qg5 19.Kh1 Rac8 20.Qd2 Nd5 21.Qa5 Be6 22.Rfd1
Qf6 23.Kg1 Nf4 24.Rxc8 Nxe2+ 25.Nxe2 Rxc8 26.Nd4 Bg4 27.Re1 Qd6 28.a3 Qc5
29.Qxc5 Rxc5 30.f3 exf3 31.gxf3 Bc8 32.Kf2 Kf8 33.e4 Ke7 34.Ke3 Bd7 35.Re2

[Event "aut_chT03"]
[Site "Jenbach"]
[Date "2004.01.22"]
[Round "4"]
[Board "6"]
[White "Postl, Anton"]
[Black "Genser, Harald"]
[Result "0-1"]
[WhiteElo "2306"]
[BlackElo "2263"]
[PlyCount "78"]

1.d4 Nf6 2.Nf3 e6 3.c4 d5 4.Nc3 dxc4 5.e3 a6 6.a4 c5 7.Bxc4 Nc6 8.O-O Be7 9.Qe2
cxd4 10.Rd1 O-O 11.exd4 Nb4 12.Ne5 Nbd5 13.Rd3 Re8 14.Rg3 Bf8 15.Bg5 Be7 16.Bd3
g6 17.Rd1 Nxc3 18.bxc3 Nd5 19.Bh6 Bh4 20.Qg4 f5 21.Qf3 Bxg3 22.Qxg3 Qf6 23.Bg5
Qg7 24.Qh4 h5 25.c4 Nb4 26.Bb1 Nc6 27.Bf6 Qh6 28.Nxg6 Qxg6 29.Rd3 Kf7 30.Rg3
Qxf6 31.Qxh5+ Ke7 32.d5 Ne5 33.Qh7+ Nf7 34.Rg7 Rf8 35.g4 fxg4 36.Bg6 exd5
37.cxd5 Bd7 38.d6+ Kxd6 39.Bxf7 Bf5

[Event "aut_chT03"]
[Site "Jenbach"]
[Date "2004.01.22"]
[Round "4"]
[Board "1"]
[White "Shchekachev, Andrei"]
[Black "Gyimesi, Zoltan"]
[Result "1/2-1/2"]
[WhiteElo "2520"]
[BlackElo "2553"]
[PlyCount "58"]

1.Nf3 d5 2.d4 Nf6 3.c4 e6 4.Nc3 dxc4 5.e4 Bb4 6.Bg5 c5 7.Bxc4 cxd4 8.Nxd4 Bxc3+
9.bxc3 Qa5 10.Bb5+ Nbd7 11.Bxf6 Qxc3+ 12.Kf1 gxf6 13.h4 a6 14.Rh3 Qa5 15.Be2 Nc5
16.Nb3 Nxb3 17.Rxb3 Ke7 18.Rd3 Rd8 19.Rxd8 Qxd8 20.Qc2 Qd6 21.Rd1 Qc6 22.Qd3 Bd7
23.Qa3+ Ke8 24.e5 fxe5 25.Qg3 Rc8 26.Qg8+ Ke7 27.Qg5+ Ke8 28.Qg8+ Ke7 29.Qg5+
Ke8

[Event "aut_chT03"]
[Site "Jenbach"]
[Date "2004.01.22"]
[Round "4"]
[Board "2"]
[White "Ftacnik, Lubomir"]
[Black "Hertneck, Gerald"]
[Result "0-1"]
[WhiteElo "2582"]
[BlackElo "2536"]
[PlyCount "76"]

1.Nf3 b6 2.d4 Bb7 3.c4 e6 4.a3 f5 5.g3 Nf6 6.Bg2 Be7 7.O-O O-O 8.Nc3 Ne4 9.Qc2
Nxc3 10.Qxc3 Bf6 11.Be3 Qe7 12.Qd2 a5 13.Rfd1 d6 14.Ne1 Bxg2 15.Nxg2 Nd7 16.Nf4
Rfe8 17.b4 Qf7 18.Rac1 axb4 19.axb4 g5 20.Nh3 h6 21.f3 e5 22.d5 f4 23.Bf2 Qh5
24.Kg2 e4 25.fxe4 Rxe4 26.Ng1 Ne5 27.Rf1 Ng4 28.h3 fxg3 29.Kxg3 Nxf2 30.Rxf2 Bd4
31.Rcf1 Bxf2+ 32.Rxf2 Qh4+ 33.Kg2 g4 34.Qd3 Rae8 35.c5 gxh3+ 36.Nxh3 Qg4+ 37.Kh2
Rxe2 38.cxd6 R8e3

[Event "aut_chT03"]
[Site "Jenbach"]
[Date "2004.01.22"]
[Round "4"]
[Board "3"]
[White "Zelcic, Robert"]
[Black "Babula, Vlastimil"]
[Result "1/2-1/2"]
[WhiteElo "2524"]
[BlackElo "2594"]
[PlyCount "119"]

1.e4 c5 2.Nf3 d6 3.d4 cxd4 4.Nxd4 Nf6 5.Nc3 a6 6.a4 g6 7.Be2 Bg7 8.O-O O-O 9.Bg5
Nc6 10.Nb3 Be6 11.Kh1 Rc8 12.f4 Nb4 13.Nd2 Qd7 14.a5 Ng4 15.f5 gxf5 16.Na4 Nxc2
17.Nb6 Qc6 18.Nxc8 Rxc8 19.Rc1 Bxb2 20.h3 Bxc1 21.hxg4 Bxd2 22.Qxd2 fxe4 23.Bxe7
e3 24.Qc1 Bd5 25.Rf5 h6 26.Qb2 Bxg2+ 27.Kh2 Be4 28.Rxf7 Qc3 29.Rf8+ Kh7 30.Rf7+
Kg8 31.Rf8+ Kh7 32.Rf7+ Kg6 33.Rf6+ Kg7 34.Qxc3 Rxc3 35.Rf4 Rd3 36.Bf6+ Kg6
37.Bxd3 Bxd3 38.Bh4 e2 39.Rf6+ Kg7 40.Rxd6 e1=Q 41.Bxe1 Nxe1 42.Rd7+ Kf6 43.Rxb7
Nf3+ 44.Kg3 Ne5 45.Kf4 Bb5 46.Rh7 Nd3+ 47.Ke3 Kg6 48.Rc7 Ne5 49.Kf4 Nc6 50.Rd7
Nxa5 51.Rd6+ Kg7 52.g5 hxg5+ 53.Kxg5 Nc4 54.Rd1 a5 55.Kf4 Bc6 56.Rc1 Bd5 57.Rxc4
Bxc4 58.Ke3 a4 59.Kd2 a3 60.Kc2

[Event "aut_chT03"]
[Site "Jenbach"]
[Date "2004.01.22"]
[Round "4"]
[Board "5"]
[White "Schoeppl, Engelbert"]
[Black "Weiss, Christian"]
[Result "1/2-1/2"]
[WhiteElo "2277"]
[BlackElo "2389"]
[PlyCount "108"]

1.d4 Nf6 2.c4 c5 3.d5 b5 4.cxb5 a6 5.bxa6 Bxa6 6.Nc3 g6 7.e4 Bxf1 8.Kxf1 d6 9.g3
Bg7 10.Kg2 O-O 11.Nf3 Nbd7 12.Re1 Qa5 13.Bf4 Ng4 14.Nd2 Nge5 15.Qe2 Rfb8 16.Rab1
Qa6 17.Qxa6 Rxa6 18.Bxe5 Nxe5 19.Re3 Ng4 20.Re2 Kf8 21.h3 Ne5 22.Re3 Nd7 23.Nc4
Rb4 24.b3 Bxc3 25.Rxc3 Rxa2 26.Re1 f6 27.Kf1 Ne5 28.Re2 Ra1+ 29.Re1 Ra8 30.f4
Nxc4 31.bxc4 Raa4 32.Rec1 Ra2 33.R1c2 Rbb2 34.Rxb2 Rxb2 35.Ke1 Kg7 36.Kd1 g5
37.Re3 gxf4 38.gxf4 Rf2 39.e5 Rxf4 40.exd6 exd6 41.Re6 Rxc4 42.Rxd6 Kg6 43.Ke2
Rd4 44.Kf3 h5 45.Rd8 h4 46.d6 Kg5 47.Rc8 Rd3+ 48.Kg2 Kf4 49.Rxc5 f5 50.Rc4+ Ke3
51.Rxh4 f4 52.Rh6 Rd2+ 53.Kg1 Rd1+ 54.Kh2 Rd2+

[Event "aut_chT03"]
[Site "Jenbach"]
[Date "2004.01.22"]
[Round "4"]
[Board "6"]
[White "Knoll, Hermann"]
[Black "Huber, David"]
[Result "1-0"]
[WhiteElo "2393"]
[BlackElo "2126"]
[PlyCount "139"]

1.d4 Nf6 2.Nf3 e6 3.c4 Nc6 4.a3 d6 5.Nc3 Be7 6.e4 O-O 7.Be2 a5 8.O-O e5 9.h3 Re8
10.Re1 Bf8 11.Bf1 h6 12.Rb1 g5 13.d5 Ne7 14.h4 g4 15.Nh2 Ng6 16.g3 h5 17.Bd3 Nh7
18.Nf1 Be7 19.Nh2 Kh8 20.Qd2 Bxh4 21.Qh6 Bg5 22.Bxg5 Qxg5 23.Qxg5 Nxg5 24.Nb5
Re7 25.Kg2 Bd7 26.Nxc7 Rf8 27.Nb5 Bxb5 28.cxb5 Rc7 29.Rh1 Kg7 30.Nf1 h4 31.Ne3
h3+ 32.Kf1 Nf3 33.Rd1 Rfc8 34.Nxg4 Rc1 35.Ke2 Nd4+ 36.Ke3 Rxd1 37.Rxd1 Ne7 38.f4
f6 39.Rh1 Nc2+ 40.Kd2 Nd4 41.Rxh3 f5 42.exf5 Nxd5 43.f6+ Nxf6 44.Nxf6 Kxf6
45.Rh6+ Ke7 46.Rh7+ Ke6 47.Rxb7 Nb3+ 48.Ke3 Kd5 49.Be4+ Kc4 50.fxe5 Nc5 51.Re7
d5 52.Bf5 d4+ 53.Kd2 Rh8 54.Rh7 Re8 55.e6 Nxe6 56.b6 Nc5 57.b7 d3 58.Rh4+ Kb3
59.Bc8 Na6 60.Rh6 Nb8 61.Rb6+ Kc4 62.b3+ Kc5 63.Rh6 Rf8 64.g4 Rf2+ 65.Kxd3 Rf3+
66.Ke4 Rxb3 67.g5 Rxa3 68.g6 Rg3 69.Kf4 Rg1 70.Bg4

[Event "aut_chT03"]
[Site "Jenbach"]
[Date "2004.01.22"]
[Round "4"]
[Board "1"]
[White "Tischbierek, Raj"]
[Black "Volkmann, Friedrich Karl"]
[Result "0-1"]
[WhiteElo "2507"]
[BlackElo "2457"]
[PlyCount "107"]

1.d4 Nf6 2.c4 e6 3.Nc3 Bb4 4.e3 O-O 5.Nge2 d5 6.a3 Be7 7.cxd5 exd5 8.g3 c6 9.Bg2
Re8 10.O-O h5 11.h3 Bd6 12.Nf4 h4 13.g4 Ne4 14.Nfe2 b6 15.f3 Ng3 16.Nxg3 Bxg3
17.Ne2 Bc7 18.e4 dxe4 19.fxe4 Ba6 20.Be3 Nd7 21.Rf2 c5 22.Qb3 Qe7 23.e5 Bxe2
24.Rxf7 Qxf7 25.Bd5 c4 26.Bxf7+ Kxf7 27.Qb5 Nf8 28.b3 Kg8 29.bxc4 Rac8 30.Re1
Bd3 31.Qb3 Bg6 32.Bf2 Bf7 33.Bxh4 Bd8 34.Bg3 Rxc4 35.Qb5 Rxd4 36.Rf1 Ng6 37.Rf5
Rd1+ 38.Kh2 Rd2+ 39.Kg1 Rd5 40.e6 Rd1+ 41.Rf1 Rxf1+ 42.Kxf1 Rxe6 43.Qd7 Be7
44.Qxa7 Bc5 45.a4 Re3 46.a5 Bc4+ 47.Kg2 Re2+ 48.Kf3 Ra2 49.Ke4 Rxa5 50.Qb8+ Kf7
51.h4 Ra3 52.Qc7+ Ne7 53.Kf4 Rd3 54.Ke4

[Event "aut_chT03"]
[Site "Jenbach"]
[Date "2004.01.22"]
[Round "4"]
[Board "2"]
[White "Schroll, Gerhard"]
[Black "Vogt, Lothar"]
[Result "1/2-1/2"]
[WhiteElo "2404"]
[BlackElo "2466"]
[PlyCount "76"]

1.e4 c5 2.Nf3 d6 3.c4 e5 4.Nc3 Nc6 5.d3 g6 6.Bg5 f6 7.Be3 Nge7 8.Qd2 Nd4 9.Nd5
Nxd5 10.cxd5 Bg4 11.Nxd4 cxd4 12.Bh6 Bxh6 13.Qxh6 Qa5+ 14.Qd2 Qa4 15.Be2 Bd7
16.O-O Rc8 17.Qh6 Qc2 18.Rae1 Kf7 19.f4 Qd2 20.Bd1 Rc1 21.Qh4 exf4 22.Re2 Qxd1
23.Rxd1 Rxd1+ 24.Re1 Rxe1+ 25.Qxe1 g5 26.Qb4 Ke7 27.Qxd4 Rc8 28.h3 Rc2 29.Qb4 h5
30.Qb3 Rc1+ 31.Kf2 a6 32.Qxb7 g4 33.hxg4 hxg4 34.g3 Rc2+ 35.Kf1 f3 36.Qxa6 Rc1+
37.Kf2 Rc2+ 38.Kf1 Rc1+

[Event "aut_chT03"]
[Site "Jenbach"]
[Date "2004.01.22"]
[Round "4"]
[Board "3"]
[White "Lehner, Oliver"]
[Black "Loeffler, Stefan"]
[Result "1-0"]
[WhiteElo "2404"]
[BlackElo "2413"]
[PlyCount "67"]

1.d4 d5 2.Nf3 e6 3.c4 dxc4 4.e3 b5 5.a4 c6 6.axb5 cxb5 7.b3 Bb4+ 8.Bd2 Bxd2+
9.Nbxd2 a5 10.bxc4 b4 11.c5 Nf6 12.Bb5+ Bd7 13.Ba4 O-O 14.Ne5 Bxa4 15.Qxa4 Nd5
16.O-O Nc3 17.Qb3 Nd7 18.Nec4 Qc7 19.Nb1 Nd5 20.Rc1 Ra6 21.Nb2 N7f6 22.Qd3 Rfa8
23.Na4 Ng4 24.g3 f5 25.Nd2 Rc6 26.Nf3 Rf8 27.h3 Ndxe3 28.hxg4 Nxg4 29.Re1 f4
30.Ne5 Nxe5 31.Rxe5 Rf6 32.Rae1 Qb7 33.d5 fxg3 34.fxg3

[Event "aut_chT03"]
[Site "Jenbach"]
[Date "2004.01.22"]
[Round "4"]
[Board "4"]
[White "Neulinger, Manfred"]
[Black "Bokros, Albert"]
[Result "0-1"]
[WhiteElo "2323"]
[BlackElo "2484"]
[PlyCount "98"]

1.e4 c5 2.Nf3 e6 3.c3 Nf6 4.Bd3 Nc6 5.Bc2 Be7 6.O-O d6 7.d4 cxd4 8.cxd4 O-O
9.Nc3 e5 10.h3 h6 11.Be3 a6 12.Rc1 Re8 13.Bb1 Bf8 14.d5 Ne7 15.a4 Ng6 16.Nd2 Nf4
17.Nc4 N6h5 18.Qf3 Qf6 19.Kh2 g5 20.g4 Ng7 21.Nb6 Rb8 22.Qh1 h5 23.f3 Be7 24.Rg1
Kh7 25.Kg3 Rh8 26.Rc2 Bd8 27.Rh2 h4+ 28.Kf2 Bxb6 29.Bxb6 Bd7 30.Rc1 Rhc8 31.Qf1
Ng6 32.Rg2 Ne8 33.b3 Kg7 34.Rg1 Qf4 35.Be3 Qf6 36.Bd3 Nf4 37.Bb6 Kh6 38.Bc4 Nc7
39.Ne2 Na8 40.Ba7 b5 41.axb5 Rb7 42.Nxf4 exf4 43.b6 Nxb6 44.Bxb6 Rxb6 45.Qe2 a5
46.Rgd1 a4 47.Rb1 Rb4 48.Qd3 axb3 49.Bxb3 Rc3

[Event "aut_chT03"]
[Site "Jenbach"]
[Date "2004.01.22"]
[Round "4"]
[Board "5"]
[White "Miniboeck, Guenter"]
[Black "Roth, Peter"]
[Result "1-0"]
[WhiteElo "2333"]
[BlackElo "2301"]
[PlyCount "65"]

1.d4 g6 2.e4 c6 3.c4 d5 4.exd5 cxd5 5.Nc3 Nf6 6.cxd5 Bg7 7.Qb3 O-O 8.Be2 Nbd7
9.Bf3 Nb6 10.Nge2 Bg4 11.Bxg4 Nxg4 12.a4 a5 13.O-O Ra6 14.Re1 Qd7 15.h3 Nf6
16.Nf4 Nc8 17.Bd2 b6 18.Rac1 Ne8 19.Nb5 Ncd6 20.Nd3 Nxb5 21.axb5 Ra7 22.Ne5 Bxe5
23.Rxe5 Nd6 24.Rc6 Rb7 25.Bf4 Rd8 26.g4 Kg7 27.Re1 Ne8 28.d6 Nxd6 29.Be5+ Kg8
30.Bxd6 exd6 31.Qd5 h5 32.gxh5 Qxh3 33.Rc3